Top Manga - Statistiken

Allgemein
  • Dieses Quiz wurde 14 mal gespielt
  • Das Durchschnittsergebnis liegt bei 6 aus 25
Antwortstatistiken
Hint Antwort % Korrekt
3. One Piece
100%
1. Berserk
69%
5. Death Note
69%
17. Elfen Lied
54%
21. Tokyo Ghoul
54%
4. Fullmetal Alchemist
46%
24. Gin Tama
46%
15. One-Punch Man
46%
6. Monster
38%
22. Attack on Titan
23%
2. GTO
23%
16. Bakuman.
15%
12. Spice & Wolf
15%
8. Frieren
8%
23. Kaguya-sama
8%
19. Kingdom
8%
18. Nana
8%
14. Beck
0%
10. Bloom into You
0%
25. Hunter × Hunter
0%
7. Midnight Hearth Tune
0%
20. Sakura
0%
13. Sekaiichi Hatsukoi
0%
9. Yona
0%
11. Yotsuba&!
0%
Keine übereinstimmenden Quizze gefunden
Verteilung der Resultate
Anzahl Personen mit jedem Resultat
Perzentil nach korrekt beantworteten Fragen
Ihre Resultats-Entwicklung
Sie haben dieses Quiz noch nicht gespielt